000 00348nam a2200169Ia 4500
100 _aChryssolouris/George
650 _aMANUFACTURING
250 _a2
942 _cBK
366 _f25
245 _aManufacturing systems
260 _bSpringer
_c2006
082 _a658.5
_bCHR
300 _a602
546 _aENGLISH
_cInfo.Tech
999 _c32129
_d32129